<?xml version="1.0" encoding="UTF-8"?>
<record
    xmlns:xsi="http://www.w3.org/2001/XMLSchema-instance"
    xsi:schemaLocation="http://www.loc.gov/MARC21/slim http://www.loc.gov/standards/marcxml/schema/MARC21slim.xsd"
    xmlns="http://www.loc.gov/MARC21/slim">

  <leader>00337nam a2200121Ia 4500</leader>
  <controlfield tag="008">180126s9999||||xx |||||||||||||| ||und||</controlfield>
  <datafield tag="020" ind1=" " ind2=" ">
    <subfield code="c">NT340</subfield>
    <subfield code="a">978-986-357-024-0</subfield>
  </datafield>
  <datafield tag="100" ind1=" " ind2=" ">
    <subfield code="a">&#x9127;&#x4F2F;&#x5BB8;</subfield>
  </datafield>
  <datafield tag="245" ind1=" " ind2="0">
    <subfield code="c">&#x9127;&#x4F2F;&#x5BB8;</subfield>
    <subfield code="a">&#x4E00;&#x65E5;&#x6D6E;&#x751F;&#xFF1A;&#x5341;&#x500B;&#x63A2;&#x554F;&#x751F;&#x547D;&#x610F;&#x7FA9;&#x7684;&#x6545;&#x4E8B;</subfield>
  </datafield>
  <datafield tag="250" ind1=" " ind2=" ">
    <subfield code="a">&#x521D;&#x7248;11&#x5237;</subfield>
  </datafield>
  <datafield tag="260" ind1=" " ind2=" ">
    <subfield code="c">2015.02</subfield>
    <subfield code="a">&#x53F0;&#x5317;&#x5E02;</subfield>
  </datafield>
  <datafield tag="300" ind1=" " ind2=" ">
    <subfield code="c"> cm.</subfield>
    <subfield code="a"> p.</subfield>
  </datafield>
  <datafield tag="942" ind1=" " ind2=" ">
    <subfield code="2">ccl</subfield>
    <subfield code="c">BOOK</subfield>
  </datafield>
  <datafield tag="999" ind1=" " ind2=" ">
    <subfield code="c">119</subfield>
    <subfield code="d">119</subfield>
  </datafield>
  <datafield tag="952" ind1=" " ind2=" ">
    <subfield code="0">0</subfield>
    <subfield code="1">0</subfield>
    <subfield code="2">ccl</subfield>
    <subfield code="4">0</subfield>
    <subfield code="7">0</subfield>
    <subfield code="a">yeezen</subfield>
    <subfield code="b">yeezen</subfield>
    <subfield code="d">2018-01-26</subfield>
    <subfield code="l">1</subfield>
    <subfield code="m">1</subfield>
    <subfield code="o">178.8 </subfield>
    <subfield code="p">C02326</subfield>
    <subfield code="r">2023-08-22 00:00:00</subfield>
    <subfield code="s">2023-08-09</subfield>
    <subfield code="w">2018-01-26</subfield>
    <subfield code="y">BOOK</subfield>
  </datafield>
</record>
